| 000 | 02578cam a22004458i 4500 | ||
|---|---|---|---|
| 001 | 23947580 | ||
| 003 | EG-ScBUE | ||
| 005 | 20260216095507.0 | ||
| 008 | 241210s2025 nyua f bd 001 0 eng d | ||
| 020 | _z9781265133092 | ||
| 020 | _z1265133093 | ||
| 035 | _a23947580 | ||
| 040 |
_aDLC _beng _erda _cDLC _dDLC _dEG-ScBUE |
||
| 082 | 0 | 4 |
_a158.7 _222 _bLAM |
| 100 | 1 |
_aLamberton, Lowell H., _eauthor. |
|
| 245 | 1 | 0 |
_aHuman relations : _bstrategies for success / _cLowell H. Lamberton, Leslie Minor, Demitrius Zeigler. |
| 250 | _a2025 release. | ||
| 264 | 1 |
_aNew York, NY : _bMcGraw Hill, _c2025. |
|
| 300 |
_axx, 620 pages : _bcolor illustrations ; _c30 cm |
||
| 336 |
_atext _btxt _2rdacontent |
||
| 337 |
_aunmediated _bn _2rdamedia |
||
| 338 |
_avolume _bnc _2rdacarrier |
||
| 500 | _aIncludes glossary. | ||
| 504 | _aIncludes bibliographical references and index. | ||
| 520 |
_a"Throughout our years of teaching, administration, running small businesses, and consulting in the fields of social science and organizational behavior, we have become increasingly aware of the need for a textbook that is down to earth, experience based, and grounded in sound research and theory. We believe strongly in the importance of understanding the relationship between self-awareness and human relations, and, by extension, the relationship between human relations skills and ongoing career success. We encourage building self-awareness, growth, and success skills inside the context of the real world. What realistic strategies and techniques can we teach our students to encourage their growth in human relations success, on and off the job site? How can students tap into the power that comes from working well in one-on-one situations, in groups, and in organizations large and small?"-- _cProvided by publisher. |
||
| 521 |
_aAges 18+ _bMcGraw Hill LLC |
||
| 650 | 7 |
_aPsychology, Industrial. _2BUEsh |
|
| 650 | 7 |
_aPersonnel management. _2BUEsh |
|
| 650 | 7 |
_aInterpersonal relations. _2BUEsh |
|
| 650 | 7 |
_aGroup relations training. _2BUEsh |
|
| 653 |
_cFebruary2026 _bBUSADM |
||
| 655 | _vReading book | ||
| 700 | 1 |
_aZeigler, Demitrius, _eauthor. |
|
| 700 | 1 |
_aMinor, Leslie, _eauthor. |
|
| 776 | 0 | 8 |
_iOnline version: _aMinor, Leslie. _tHuman relations _b2025 release. _dNew York, NY : McGraw Hill, 2025 _z9781266192838 _w(DLC) 2024056750 |
| 906 |
_a7 _bcbc _corignew _d1 _eecip _f20 _gy-gencatlg |
||
| 942 |
_2ddc _cBB |
||
| 999 |
_c31132 _d31103 |
||